000 00993nam a2200253 a 4500
001 53140
003 AR-BaAGN
005 20241226152338.0
007 ta
008 s1995 ag ||||| |||| ||| ||spa d
040 _aAR-BaAGN
_bspa
_eaacr
110 2 _aAcademia Argentina de Letras
_98470
245 1 0 _aHomenaje a Roberto F. Giusti :
_b1887-1978.
260 _aBuenos Aires :
_bAcademia Argentina de Letras,
_c1995.
300 _a45 páginas ;
_c22 cm.
336 _2rdacontent
_btxt
337 _2rdamedia
_bn
338 _2rdacarrier
_bnc
490 _aBiblioteca de la Academia Argentina de Letras. Serie Homenajes ;
_v13
505 0 _aIntroducción / Raúl H. Castagnino -- Agradecimiento / Elsa Giusti de Gutiérrez Burzaco -- Giusti en la crítica iberoamericana / Juan Carlos Ghiano -- R. F. Giusti en la Universidad / Eduardo L. Brizuela -- Roberto F. Giusti y la generación de la revista "Nosotros".
650 4 _aLITERATURA
_91464
650 4 _aHOMENAJE
_91745
942 _cLIBRO
999 _c53140
_d53140